| 000 | 00949nam a22003017a 4500 | ||
|---|---|---|---|
| 001 | 4720 | ||
| 003 | FISKH | ||
| 005 | 20241024143055.0 | ||
| 008 | 240925b cb ||||| |||| 00| 0 eng d | ||
| 020 | _a9780140309591 | ||
| 040 |
_aFISKH _beng _cFISKH _dFISKH |
||
| 050 | _aPZ7.L6585 | ||
| 082 | _2839.7374 | ||
| 100 |
_aLindgren, Astrid _d(1907–2002) |
||
| 245 |
_aPipi goes on board / _cAstrid Lindgren Translated by Florence Lamborn Illustrated by louis S. Glanzman |
||
| 250 | _aThis edition pubished in 1997 | ||
| 260 |
_aAuckland : _bPuffin Book, _c1997. |
||
| 300 |
_a140 pages : _billustrations ; _c20cm |
||
| 505 | _aU | ||
| 520 | _aThe further adventures of Pippi and her friends Tommy and Annika. | ||
| 521 | 8 |
_a870
_bLexile |
|
| 521 | 8 |
_aU
_bRaz-Plus |
|
| 650 |
_2Children _aSweden |
||
| 650 |
_2Young adult _aJuvenile fiction |
||
| 700 |
_aS.Glanzman, Louis _dIllustrator |
||
| 942 |
_2ddc _cBK _n0 |
||
| 999 |
_c4720 _d4720 |
||